000 00768cam a22002773a 4500
001 19802
003 PGUSA
005 20140828083423.0
008 061113s2006||||xxu|||||s|||||000 1 eng d
040 _aPGUSA
_beng
042 _adc
050 4 _aPR
050 4 _aPZ
100 1 _aStretton, Hesba,
_d1832-1911
245 1 0 _aCobwebs and Cables
_h[electronic resource] /
_cHesba Stretton
260 _bProject Gutenberg,
_c2006
506 _aPublic domain in the USA.
516 _aElectronic text
653 _aFugitives from justice -- Fiction
653 _aFraud -- Fiction
653 _aChristian life -- Fiction
653 _aBankers -- Fiction
830 0 _aProject Gutenberg
_v19802
856 4 0 _uhttp://www.gutenberg.org/ebooks/19802
942 _cEB
999 _c249057
_d249057